000 00424nam a2200169Ia 4500
001 24853
005 20260414151111.0
008 260414t2010||||xx |||||||||||||| ||spa||
041 _aESP
082 _a346
_bL59
100 _aOsterling Parodi, Felipe
_eAUT
245 0 _aLibro de ponencias del VÂș Congreso Nacional de Derecho Civil
_b
260 _c2010
650 _aDER
654 _aCDE
942 _cLIB
_dJUS
_fJUS
_2ddc
_n
999 _c24853
_d24853